Internal medicine review / (Record no. 5021)

MARC details
000 -LEADER
fixed length control field 00840pam a2200265 a 4500
001 - CONTROL NUMBER
control field 2805017
003 - CONTROL NUMBER IDENTIFIER
control field OSt
005 - DATE AND TIME OF LATEST TRANSACTION
control field 20160817193452.0
008 - FIXED-LENGTH DATA ELEMENTS--GENERAL INFORMATION
fixed length control field 820415s1983 nyua b 000 0 eng
010 ## - LIBRARY OF CONGRESS CONTROL NUMBER
LC control number 82006777
020 ## - INTERNATIONAL STANDARD BOOK NUMBER
International Standard Book Number 0668054883 (pbk.) :
Terms of availability $12.00
040 ## - CATALOGING SOURCE
Original cataloging agency DLC
Transcribing agency DLC
Modifying agency DLC
082 ## - DEWEY DECIMAL CLASSIFICATION NUMBER
Classification number WB 18
Item number P613i 1983
100 1# - MAIN ENTRY--PERSONAL NAME
Personal name Pieroni, Robert E.
9 (RLIN) 10760
245 10 - TITLE STATEMENT
Title Internal medicine review /
Statement of responsibility, etc. Robert E. Pieroni.
250 ## - EDITION STATEMENT
Edition statement 2nd ed.
260 ## - PUBLICATION, DISTRIBUTION, ETC. (IMPRINT)
Place of publication, distribution, etc. New York :
Name of publisher, distributor, etc. Arco Pub.,
Date of publication, distribution, etc. 1983.
300 ## - PHYSICAL DESCRIPTION
Extent xv, 302 p. :
Other physical details ill. ;
Dimensions 26 cm.
440 #0 - SERIES STATEMENT/ADDED ENTRY--TITLE
Title Arco medical review series
9 (RLIN) 10761
504 ## - BIBLIOGRAPHY, ETC. NOTE
Bibliography, etc Includes bibliographies.
650 #0 - SUBJECT ADDED ENTRY--TOPICAL TERM
Topical term or geographic name as entry element Internal medicine
General subdivision Examinations, questions, etc.
9 (RLIN) 10762
650 #2 - SUBJECT ADDED ENTRY--TOPICAL TERM
Topical term or geographic name as entry element Internal medicine
General subdivision Examination questions.
9 (RLIN) 10763
906 ## - LOCAL DATA ELEMENT F, LDF (RLIN)
a 7
b cbc
c orignew
d 1
e ocip
f 19
g y-gencatlg
942 ## - ADDED ENTRY ELEMENTS (KOHA)
Source of classification or shelving scheme Other/Generic Classification Scheme
Koha item type Open Shelf
Holdings
Withdrawn status Lost status Source of classification or shelving scheme Damaged status Not for loan Home library Current library Date acquired Source of acquisition Inventory number Total Checkouts Full call number Barcode Date last seen Price effective from Koha item type
    Other/Generic Classification Scheme     MUST Main Library MUST Main Library 17/08/2016   2000/14373   WB 18 P613i 1983 2016-3693 17/08/2016 17/08/2016 Open Shelf